LEADER 01611nam a2200277 4500 001 000000340340 003 CaOOAMICUS 005 20200525153413.0 008 200525s1748 it 000 u ita r 026 $atoo, c.m- elal c-u- (C) 1748 (R) 040 $aSeMil$bita 110 21$aConfraternita della Beata Vergine Maria del SS. Rosario .$0(OLS)http://semarc/name/111407 245 00$aRegole, ed ordini da osservarsi dalla confratelli della B. V. Maria del SS.mo Rosario eretta nella Chiesa de' RR. Padri Domenicani in Santa Maria delle Grazie di Milano, di nuovo riconosciuta, ed accettata Capitolarmente ... 264 1$aIn Milano :$bPer Beniamino Sirtori, stampatore arcivescovile,$c1748. 300 $a15, [1] p., [1] carta di tav. :$bantip. ;$c4° 500 $aSegn.: A8 500 $aAntip. xilogr. con emblema della confraternita 650 4$aCongregazioni e confraternite religiose - Milano - Sec. 16.-18.$0(OLS)http://semarc/subject/49109 700 1 $aSirtori, Beniamino,$c.$0(OLS)http://semarc/name/15190 752 $aIT$dMilano 850 $aSeMil 852 $aSeMil$W1$xVenegono$y1$m3Z V 8/2 FA$j219356$B231447$CSeMilBibl$Z2$F231447 $8I 941 1 $a10 996 $6245$aRegole, ed ordini da osservarsi dalla confratelli della B. V. Maria del SS.mo Rosario eretta nella Chiesa de' RR. Padri Domenicani in Santa Maria delle Grazie di Milano, di nuovo riconosciuta, ed accettata Capitolarmente ...$9(OLS)http://semarc/title/429368 996 $6264$aIn Milano :$bPer Beniamino Sirtori, stampatore arcivescovile$9(OLS)http://semarc/publisher/57222 LEADER 01122nam a2200205 i 4500 001 000000230667 003 CaOOAMICUS 005 20140616000000.0 008 140616s1837 it u000 u ita u 013 $a209569 040 $aSeMil$bita 245 13$aLa Terra Santa ed i luoghi illustrati dagli apostoli :$bistoria, descrizione ed attuali costumi : vedute pittoresche secondo Turner, Harding ed altri celebri artisti. 260 $aTorino :$bGiuseppe Pomba e C.,$c1837. 300 $aXI, 250 p., [48] c. di tav. :$bill. ;$c27 cm. 650 4$aTerra Santa - Descrizione e viaggi.$0(OLS)http://semarc/subject/2505 700 1 $aTurner, Joseph Mallord William .$0(OLS)http://semarc/name/12047 850 $aSeMil 852 $aSeMil$W1$xVenegono$y1$m2V III 50 FA$j181013$B181013$CSeMilBibl$Z2$F191794 $8I 996 $6245$aLa Terra Santa ed i luoghi illustrati dagli apostoli :$bistoria, descrizione ed attuali costumi : vedute pittoresche secondo Turner, Harding ed altri celebri artisti$9(OLS)http://semarc/title/329551 996 $6260$aTorino :$bGiuseppe Pomba e C.$9(OLS)http://semarc/publisher/43112